000 00652nam a2200229Ia 4500
003 OSt
005 20221006165301.0
006 a|||||r|||| 00| 0
007 ta
008 221006b |||||||| |||| 00| 0 eng d
024 _a1,923
037 _cTextual
040 _aFML
_cFML
_beng
041 _2eng
_aeng
082 _aP15,C301x1,1, 111J5
100 _aPalsule Gajanan Balkrishna Au.
_9679488
245 0 _aConcordance of Sanskrit Dhatupathas
260 _aPune
_bDeccan College
_c1955
300 _a203
_ccm.
942 _hP15,C301x1,1, 111J5
_cTEXL
_2CC
999 _c1120283
_d1120283